Landlord and tenant (Record no. 69135)

MARC details
000 -LEADER
fixed length control field 01331cam a2200217 4500
001 - CONTROL NUMBER
control field WB3801-37
008 - FIXED-LENGTH DATA ELEMENTS--GENERAL INFORMATION
fixed length control field 011218n2001 000 0 eng u
035 ## - SYSTEM CONTROL NUMBER
System control number (Sirsi) u116044
245 ## - TITLE STATEMENT
Title Landlord and tenant
260 ## - PUBLICATION, DISTRIBUTION, ETC.
Date of publication, distribution, etc. 2001
490 ## - SERIES STATEMENT
Series statement Estates Gazette Case Summaries
Volume/sequential designation [2001] 50 EG 88 (15/12/01)
520 ## - SUMMARY, ETC.
Summary, etc. CA 30 November 2001. "BHP Great Britain Petroleum Ltd v Chesterfield Properties Ltd and another". Defendant C owned a commercial building and granted a 20-year lease to the respondent B, whilst agreeing to any neccessary refurbishments. The lease was soon transferred by C to Chesterfield (Neathouse) Ltd. B brought action against C when fractures appeared in vertical units,as the lease held C responsible for any building defects. C claimed it had been released from all landlords' obligations when the lease was transferred. Original verdict declared C was obliged to repair fractures only. Both C and B appealed and cross-appealed respectively as to C's obligations. Appeal dismissed. Cross-appeal allowed.
590 ## - LOCAL NOTE (RLIN)
Local note WB
650 ## - SUBJECT ADDED ENTRY--TOPICAL TERM
Topical term or geographic name entry element LANDLORD AND TENANT (COVENANTS) ACT 1995
650 ## - SUBJECT ADDED ENTRY--TOPICAL TERM
Topical term or geographic name entry element BUILDING DEFECTS
650 ## - SUBJECT ADDED ENTRY--TOPICAL TERM
Topical term or geographic name entry element PROPERTY-COMMERCIAL PROPERTY
650 ## - SUBJECT ADDED ENTRY--TOPICAL TERM
Topical term or geographic name entry element LANDLORDS OBLIGATIONS
650 ## - SUBJECT ADDED ENTRY--TOPICAL TERM
Topical term or geographic name entry element LEASEHOLD DISPUTES
690 ## - LOCAL SUBJECT ADDED ENTRY--TOPICAL TERM (OCLC, RLIN)
Topical term or geographic name as entry element LANDLORD AND TENANT-BUSINESS TENANCIES-CASE LAW
942 ## - ADDED ENTRY ELEMENTS (KOHA)
Suppress in OPAC 0
Holdings
Withdrawn status Lost status Source of classification or shelving scheme Damaged status Not for loan Home library Current library Shelving location Date acquired Total Checkouts Full call number Barcode Date last seen Copy number Price effective from Koha item type
    Dewey Decimal Classification     London London News article 18/12/2001   WB3801-37 116044-1002 06/08/2019 2 06/08/2019 News article